Normal view MARC view

Entry Término temático

Number of records used in: 11

001 - NÚMERO DE CONTROL

  • campo de control: 136699

003 - IDENTIFICADOR DE NÚMERO DE CONTROL

  • campo de control: SpMaBN

005 - FECHA Y HORA DE LA ÚLTIMA TRANSACCIÓN

  • campo de control: 20250815140444.0

008 - ELEMENTOS DE DATO DE LONGITUD-FIJA

  • campo de control de longitud fija: 901201dn anznnbabn a ana

016 ## - NÚMERO DE CONTROL DE UNA AGENCIA BIBLIOGRÁFICA NACIONAL

  • Número de control del registro: BNE19900976237

024 7# - IDENTIFICADOR DE OTROS ESTÁNDARES

  • Número estándar o código: http://id.loc.gov/authorities/subjects/sh85064664
  • Fuente: lcsh

024 7# - IDENTIFICADOR DE OTROS ESTÁNDARES

  • Número estándar o código: http://lemac.sgcb.mcu.es/Autoridades/LEMAC201217537/concept
  • Fuente: lemac

040 ## - FUENTE DE CATALOGACIÓN

  • Centro catalogador/agencia de origen: SpMaBN
  • Lengua de catalogación: spa
  • Centro/agencia transcriptor: SpMaBN
  • Normas de descripción: rdc
  • Convención/Normas de encabezamiento de materia/tesauro: embne

042 ## - CÓDIGO DE AUTENTICACIÓN

  • Código de autenticación: 199804089542PCMPBC BNEP 00

080 ## - NÚMERO DE LA CLASIFICACIÓN DECIMAL UNIVERSAL

  • Número de la Clasificación Decimal Universal: 75.036.2
  • Identificador de la edición: mrf12

150 ## - ENCABEZAMIENTO--TÉRMINO DE MATERIA

  • Término de materia o nombre geográfico como elemento de entrada: Impresionismo (Arte)

450 ## - TRAZADO DE VÉASE--TÉRMINO DE MATERIA

  • Término de materia o nombre geográfico como elemento de entrada: Pintura impresionista

550 ## - TRAZADO VÉASE ADEMÁS--TÉRMINO DE MATERIA

  • Subcampo de control: g
  • Término de materia o nombre geográfico como elemento de entrada: Pintura-
  • Subdivisión cronológica: S.XIX

550 ## - TRAZADO VÉASE ADEMÁS--TÉRMINO DE MATERIA

  • Término de materia o nombre geográfico como elemento de entrada: Neoimpresionismo (Arte)

550 ## - TRAZADO VÉASE ADEMÁS--TÉRMINO DE MATERIA

  • Término de materia o nombre geográfico como elemento de entrada: Postimpresionismo (Arte)

670 ## - FUENTE DE DATOS ENCONTRADOS

  • Cita de la fuente: LCSH
  • Información encontrada: [Impressionism (Art)]

670 ## - FUENTE DE DATOS ENCONTRADOS

  • Cita de la fuente: CSIC
  • Información encontrada: (Impresionismo)

670 ## - FUENTE DE DATOS ENCONTRADOS

  • Cita de la fuente: RAMEAU
  • Información encontrada: [Impressionnisme (Art)]

750 #7 - ENTRADA DE ENLACE DE ENCABEZAMIENTO ESTABLECIDO--TÉRMINO DE MATERIA

  • Término de materia o nombre geográfico como elemento de entrada: Impressionism (Art)
  • Fuente del encabezamiento o término: lcsh

750 #7 - ENTRADA DE ENLACE DE ENCABEZAMIENTO ESTABLECIDO--TÉRMINO DE MATERIA

  • Término de materia o nombre geográfico como elemento de entrada: Impressionisme (Art)
  • Fuente del encabezamiento o término: lemac